Post-Merger Integration – Prozesstransformation vom Automotiv-Tier1-Lieferanten zur Tochtergesellschaft eines Premiumautomobilherstellers

Na minha lista:
Detalhes bibliográficos
Autor principal: Barth, Martin, 1991-
Formato: Capítulo de Livro
Idioma:alemão
Assuntos:
Tags: Adicionar Tag
Sem tags, seja o primeiro a adicionar uma tag!

MARC

LEADER 00000nla a2200000 4500
001 0226702
005 20240502073732.7
041 0 |a ger 
044 |a SK 
245 1 0 |a Post-Merger Integration – Prozesstransformation vom Automotiv-Tier1-Lieferanten zur Tochtergesellschaft eines Premiumautomobilherstellers  |c Martin Barth 
610 2 0 |a integrácia ekonomická 
610 2 0 |a transformácia 
610 2 0 |a priemysel automobilový 
610 2 0 |a modelovanie 
610 2 0 |a výskum 
610 2 0 |a stratégia podniková 
100 1 |a Barth, Martin, 1991-